000 01046nam a2200277 a 4500
001 000024212
005 20200930022819.0
008 110120s1998 ve r 000 | spa d
020 _a9800013946
040 _aDO-SdBNP
_bspa
_cBNPHU
082 _a616.9362087
_bG981t
100 1 _aGutiérrez, Ana T.
_949729
245 1 0 _aTiempos de guerra y paz :
_bArnoldo Gabaldon y la investigación sobre malaria en Venzuela, 1936-1990 /
_cAna T. Gutiérrez; edición al cuidado Rosa Lucía Celi.
260 _aCaracas, (Venezuela) :
_bCENDES,
_c1998.
300 _a239 p. ;
_c23 cm.
490 1 _aMención Publicación
500 _aIncluye notas al pie de páginas
500 _aIncluye referencias bibliográficas
500 _aIncluye cronología de publicaciones Arnaldo Gabaldon 1936-1988
650 4 _aMalaria
_949730
650 4 _aFiebre hemoglobinúrica
_949731
650 4 _aPlasmodium
_949732
700 1 _aCeli, Rosa Lucía,
_eed.
_949733
710 2 _aCentro de Estudios del Desarrollo.
_932946
830 0 _aMención Publicación
_929065
999 _c23706
_d23706